| 000 | 00000nam##2200000za#4500 |
| 001 | 9.643348 |
| 003 | CaOODSP |
| 005 | 20210624224128 |
| 007 | cr ||||||||||| |
| 008 | 150407|1995||||xxc|||||o f|0| 0 fre|d |
| 040 | |aCaOODSP|bfre |
| 043 | |an-cn--- |
| 086 | 1 |aA53-1906/1995F-PDF |
| 110 | 1 |aCanada. |bAgriculture et agroalimentaire Canada. |bDirection générale de la recherche. |
| 245 | 13|aLa santé de nos sols : |h[ressource électronique]|bvers une agriculture durable au Canada / |c[rédigé par] D. F. Acton et L. J. Gregorich. Publié par le Centre de recherches sur les terres et les ressources. |
| 260 | |aOttawa - Ontario : |bAgriculture et Agroalimentaire Canada. |c1995. |
| 300 | |a154p.|bfigures, glossaire, graphiques, cartes, références, tableaux, photographies |
| 500 | |aSommaire: Introduction.--Comprendre la santé des sols.--Le développement et les effets de l'agriculture au Canada.--Un cadre géographique pour l'évaluation de la qualité du sol.--Lieux témoins destinés à la surveillance de la qualité des sols agricoles.--Modification de la matière organique du sol.--Modification de la structure du sol.--Érosion.--Salinisation du sol.--Contamination des sols agricoles.--Contamination agrochimique des eaux souterraines.--Résumé.--Glossaire.--Lectures suggérées. Données de catalogage avant publication (Canada) imprimées dans cette publication. |
| 500 | |aPublication historique numérisée par Agriculture et Agroalimentaire Canada. |
| 590 | |a14-11-Supp|b2014-05-21 |
| 691 | 07|aSol|2gcpds |
| 691 | 07|aAgriculture|2gcpds |
| 775 | 08|tThe health of our soils |w(CaOODSP)9.699357 |
| 856 | 40|ahttp://publications.gc.ca|qPDF|s12 Mo|uhttps://publications.gc.ca/collections/collection_2014/aac-aafc/agrhist/A53-1906-1995-fra.pdf |
| 986 | |a1906/F |